| 000 | 00348nam a2200109Ia 4500 | ||
|---|---|---|---|
| 008 | 220204s9999 xx 000 0 und d | ||
| 082 |
_aNR:33ENQ(047)1956 _bREP;1 |
||
| 245 | 0 | _aReport of the plantation inquiry commission 1956. Pt III. Rubber | |
| 260 |
_aDelhi _bManager of Publications _c1956 |
||
| 650 | _aPlantation enquiry commission | ||
| 942 | _cBK | ||
| 999 |
_c22080 _d22080 |
||